00336pab a2200121 454500008004000000100002600040245006500066260000900131300001300140362001000153650001700163773003400180180718b2015 xxu||||| |||| 00| 0 eng d aBanerjee-Guha, Swapna aRemembering Robert Weil: intellectual and political activist c2015 ap.27-30. a4 Apr aWeil, Robert aEconomic and Political Weekly